Mort ou Vivant à la fin de Game of Thrones - Statistiques

Statistiques générales
  • Ce quiz a été pris 6 248 fois
  • Le résultat moyen est 26 sur 30
Statistiques - réponses
Hint Réponse % Correct
Joffrey Baratheon Mort
96%
Robert Baratheon Mort
96%
Ned Stark Mort
96%
Khal Drogo Mort
95%
Catelyn Stark Mort
95%
Robb Stark Mort
95%
Arya Stark Vivant
95%
Sansa Stark Vivant
95%
Oberyn Martell Mort
94%
Jon Snow Vivant
94%
Cersei Lannister Mort
93%
Petyr Baelish (Littlefinger) Mort
93%
Walder Frey Mort
93%
Tywin Lannister Mort
93%
Tyrion Lannister Vivant
92%
Brienne de Torth Vivant
92%
Daenerys Targaryen Mort
91%
Margaery Tyrell Mort
91%
Bran Stark Vivant
91%
Ygird Mort
90%
Samwell Tarly Vivant
89%
Jaime Lannister Mort
87%
Sandor Clegane Mort
86%
Gendry Vivant
77%
Theon Greyjoy Mort
76%
Bronn de la Nera Vivant
76%
Yara Greyjoy Vivant
70%
Ver Gris Vivant
69%
Fantôme (Loup) Vivant
68%
Drogon (Dragon) Vivant
65%
Aucun quiz correspondant
Distribution des résultats
% des personnes avec chaque résultat
Percentile par nombre de réponses
Votre historique - résultats
Vous n’avez pas pris ce quiz